01140cam a22002531 4500001001300000003000400013005001700017008004100034010001700075035001900092040005600111043001200167050002700179051001600206100003500222245021700257260004800474300004800522490005600570501018900626504003000815650002400845999001700869e 39000153 DLC20260227111228.0800211s1939 dcuae b f000 0 eng c ae 39000153  a(OCoLC)5970546 aU.S. Office of Education. LibrarycICSUdOCoLCdDLC ae-gx---00aL111b.A6 1938, no. 15 aLA722b.L721 aLindegren, Alina Marie,d1887-10aEducation in Germany,cby Alina M. Lindegren, Specialist in Western European Education. United States Department of the Interior, Harold L. Ickes, Secretary. Office of Education, J. W. Studebaker, Commissioner. aWashington,bU.S. Govt. Print. Off.,c1939. axii, 145 p.billus., plans, tables.c23 cm.0 aU. S. Office of Education. Bulletin 1938,vno. 15 aCopies 1 and 2 of L111.A6 with: Local school unit organization in ten states / Henry F. Alves. Washington : U.S. Govt. Print. Off., 1939. Bound together subsequent to publication.5DLC aBibliography: p. 143-145. 0aEducationzGermany. c21653d21653